000 00295nam a2200121Ia 4500
008 231120s2020 xx 000 0 und d
041 _aeng
082 _a751.422
100 _aSTEPHEN COALES
245 _aTHE WATERCOLOUR ENIGMA
260 _aSEARCH PRESS
_bSEARCH PRESS
_c2020
300 _aP-128
999 _c933356
_d933356